Voprosy psichologii ličnosti. Sbornik statej.
Uložené v:
| Médium: | Kniha |
|---|---|
| Jazyk: | Russian |
| Vydané: |
Moskva :
Učpedgiz,
1960.
|
| Fyzický popis: |
214 strán. |
| Tagy: |
Pridať tag
Žiadne tagy, Buďte prvý kto otaguje tento záznam!
|
Titul je dostupný aj v ... 

MARC
| LEADER | 00000nam a22000002i 4500 | ||
|---|---|---|---|
| 001 | 000661237 | ||
| 005 | 20210330091904.0 | ||
| 008 | 210330s1960 ru e 000 0 rus d | ||
| 020 | |c Kčs 5,20 |q (viazané) | ||
| 040 | |a SVKKK |b slo |c SVKKK |e rda | ||
| 245 | 0 | 0 | |a Voprosy psichologii ličnosti. Sbornik statej. |
| 264 | 1 | |a Moskva : |b Učpedgiz, |c 1960. | |
| 300 | |a 214 strán. | ||
| 336 | |a text |b txt |2 rdacontent | ||
| 337 | |a bez média |b n |2 rdamedia | ||
| 338 | |a zväzok |b nc |2 rdacarrier | ||
| 500 | |a Záznam revízie | ||
| 910 | |a svkkk | ||
| 998 | |a BK | ||
| 090 | |g SCKHL |k Sklad Pribinova 2. posch. |a III.83876 |j 301166 |i 2720778390 |4 Zastaraná |s Vyradená | ||